Statistics for Soccer Players by Country #1

Click here to take the quiz!

General Stats

  • This quiz has been taken 2,630 times
  • The average score is 15 of 15

Answer Stats

Player Country % Correct
Lionel MessiArgentina
100%
Andrés IniestaSpain
100%
Cristiano RonaldoPortugal
100%
Neymar da SilvaBrazil
98%
Wayne RooneyEngland
98%
Robin Van PersieThe Netherlands
98%
Steven GerrardEngland
98%
Mario BalotelliItaly
98%
Xavi HernándezSpain
96%
Eden HazardBelgium
96%
Thierry HenryFrance
96%
Marco ReusGermany
95%
Didier DrogbaIvory Coast
93%
Landon DonovanUnited States
93%
Edinson CavaniUruguay
92%

Score Distribution

Percentile by Number Answered

Percent of People with Each Score

Your Score History

You have not taken this quiz